UBT Library

McGraw-Hill encyclopedia of science & technology. (Record no. 531)

000 -LEADER
fixed length control field 01037nam a22002657a 4500
005 - DATE AND TIME OF LATEST TRANSACTION
control field 20141017102207.0
008 - FIXED-LENGTH DATA ELEMENTS--GENERAL INFORMATION
fixed length control field 070212s2007 nyuab be 001 0 eng
020 ## - INTERNATIONAL STANDARD BOOK NUMBER
International Standard Book Number 9780071441438
024 #0 - OTHER STANDARD IDENTIFIER
Terms of availability eng
080 ## - UNIVERSAL DECIMAL CLASSIFICATION NUMBER
Universal Decimal Classification number 168.53
Common auxiliary subdivision (031)
245 00 - TITLE STATEMENT
Title McGraw-Hill encyclopedia of science & technology.
246 30 - VARYING FORM OF TITLE
Title proper/short title Encyclopedia of science & technology
246 3# - VARYING FORM OF TITLE
Title proper/short title McGraw-Hill encyclopedia of science and technology
246 3# - VARYING FORM OF TITLE
Title proper/short title Encyclopedia of science and technology
250 ## -
-- 10th ed.
260 ## -
-- New York :
-- McGraw-Hill,
-- c2007.
300 ## -
-- 20 v. :
-- me il.;
-- 28 cm.
504 ## - BIBLIOGRAPHY, ETC. NOTE
Bibliography, etc Includes bibliographical references and index.
650 #0 -
-- Shkencat e Aplikuara
650 #0 -
-- Encikopedi
856 41 -
-- Table of contents only
-- http://www.loc.gov/catdir/toc/ecip0710/2007006137.html
856 42 -
-- Contributor biographical information
-- http://www.loc.gov/catdir/enhancements/fy0801/2007006137-b.html
856 42 -
-- Publisher description
-- http://www.loc.gov/catdir/enhancements/fy0801/2007006137-d.html
942 ## - ADDED ENTRY ELEMENTS (KOHA)
Source of classification or shelving scheme
Item type Books
Holdings
Withdrawn status Lost status Source of classification or shelving scheme Damaged status Not for loan Collection code Permanent location Current location Shelving location Date acquired Total Checkouts Full call number Barcode Date last seen Koha item type
          Koleksioni i përgjithshem UBT - Ferizaj UBT - Ferizaj Koleksioni i përgjithshem 10/17/2014   168.53 (031) ENC 003000925 10/17/2014 Books
          Koleksioni i përgjithshem UBT - Ferizaj UBT - Ferizaj Koleksioni i përgjithshem 10/17/2014   168.53 (031) ENC 003000926 10/17/2014 Books
          Koleksioni i përgjithshem UBT - Ferizaj UBT - Ferizaj Koleksioni i përgjithshem 10/17/2014   168.53 (031) ENC 003000927 10/17/2014 Books
          Koleksioni i përgjithshem UBT - Ferizaj UBT - Ferizaj Koleksioni i përgjithshem 10/17/2014   168.53 (031) ENC 003000928 10/17/2014 Books
          Koleksioni i përgjithshem UBT - Ferizaj UBT - Ferizaj Koleksioni i përgjithshem 10/17/2014   168.53 (031) ENC 003000929 10/17/2014 Books
          Koleksioni i përgjithshem UBT - Ferizaj UBT - Ferizaj Koleksioni i përgjithshem 10/17/2014   168.53 (031) ENC 003000930 10/17/2014 Books
          Koleksioni i përgjithshem UBT - Ferizaj UBT - Ferizaj Koleksioni i përgjithshem 10/17/2014   168.53 (031) ENC 003000931 10/17/2014 Books
          Koleksioni i përgjithshem UBT - Ferizaj UBT - Ferizaj Koleksioni i përgjithshem 10/17/2014   168.53 (031) ENC 003000932 10/17/2014 Books
          Koleksioni i përgjithshem UBT - Ferizaj UBT - Ferizaj Koleksioni i përgjithshem 10/17/2014   168.53 (031) ENC 003000933 10/17/2014 Books
          Koleksioni i përgjithshem UBT - Ferizaj UBT - Ferizaj Koleksioni i përgjithshem 10/17/2014   168.53 (031) ENC 003000934 10/17/2014 Books
          Koleksioni i përgjithshem UBT - Ferizaj UBT - Ferizaj Koleksioni i përgjithshem 10/17/2014   168.53 (031) ENC 003000935 10/17/2014 Books
          Koleksioni i përgjithshem UBT - Ferizaj UBT - Ferizaj Koleksioni i përgjithshem 10/17/2014   168.53 (031) ENC 003000936 10/17/2014 Books
          Koleksioni i përgjithshem UBT - Ferizaj UBT - Ferizaj Koleksioni i përgjithshem 10/17/2014   168.53 (031) ENC 003000937 10/17/2014 Books
          Koleksioni i përgjithshem UBT - Ferizaj UBT - Ferizaj Koleksioni i përgjithshem 10/17/2014   168.53 (031) ENC 003000938 10/17/2014 Books
          Koleksioni i përgjithshem UBT - Ferizaj UBT - Ferizaj Koleksioni i përgjithshem 10/17/2014   168.53 (031) ENC 003000939 10/17/2014 Books
          Koleksioni i përgjithshem UBT - Ferizaj UBT - Ferizaj Koleksioni i përgjithshem 10/17/2014   168.53 (031) ENC 003000940 10/17/2014 Books
UBT Library © 2015-2024. All rights reserved University Education for Business and Technology